Entrepreneurial management/ (Record no. 4185)

MARC details
000 -LEADER
fixed length control field 00640nam a22001937a 4500
003 - CONTROL NUMBER IDENTIFIER
control field OSt
005 - DATE AND TIME OF LATEST TRANSACTION
control field 20251106051854.0
008 - FIXED-LENGTH DATA ELEMENTS--GENERAL INFORMATION
fixed length control field 250822b |||||||| |||| 00| 0 eng d
020 ## - INTERNATIONAL STANDARD BOOK NUMBER
International Standard Book Number 978-621-427-0569
040 ## - CATALOGING SOURCE
Original cataloging agency DWC-Main Lib
Transcribing agency OC
082 ## - DEWEY DECIMAL CLASSIFICATION NUMBER
Classification number Fil. 658.421 A181e 2019
100 ## - MAIN ENTRY--PERSONAL NAME
Personal name Acierto, Marife A.
245 ## - TITLE STATEMENT
Title Entrepreneurial management/
Statement of responsibility, etc. Marife A. Acierto
260 ## - PUBLICATION, DISTRIBUTION, ETC.
Place of publication, distribution, etc. Manila:
Name of publisher, distributor, etc. Unlimited Books Library Services & Publishing Inc.,
Date of publication, distribution, etc. c2019.
300 ## - PHYSICAL DESCRIPTION
Extent xii, 230 pages :
Other physical details illustrations ;
Dimensions 25cm.
504 ## - BIBLIOGRAPHY, ETC. NOTE
Bibliography, etc. note Includes bibliographical references.
650 ## - SUBJECT ADDED ENTRY--TOPICAL TERM
Topical term or geographic name entry element 1. Entrepreneurial management.
942 ## - ADDED ENTRY ELEMENTS (KOHA)
Source of classification or shelving scheme Dewey Decimal Classification
Koha item type Book-Filipiniana
Call number prefix Fil.
Suppress in OPAC No
952 ## - LOCATION AND ITEM INFORMATION (KOHA)
--
952 ## - LOCATION AND ITEM INFORMATION (KOHA)
--
952 ## - LOCATION AND ITEM INFORMATION (KOHA)
--
952 ## - LOCATION AND ITEM INFORMATION (KOHA)
--
952 ## - LOCATION AND ITEM INFORMATION (KOHA)
--
Holdings
Withdrawn status Lost status Source of classification or shelving scheme Damaged status Not for loan Home library Current library Shelving location Date acquired Source of acquisition Cost, normal purchase price Total Checkouts Full call number Barcode Date last seen Copy number Price effective from Koha item type Uniform Resource Identifier
    Dewey Decimal Classification     College Library College Library Filipiniana 12/09/2021 School Fund 500.00   Fil. 658.421 A181e 2019 CL53065 08/22/2025 c1 08/22/2025 BK - FIL
    Dewey Decimal Classification     College Library College Library Filipiniana 08/14/2023 School Fund 500.00   Fil. 658.421 A181e 2019 CL53849 08/22/2025 c2 08/22/2025 BK - FIL
    Dewey Decimal Classification     College Library College Library Filipiniana 08/14/2023 School Fund 500.00   Fil. 658.421 A181e 2019 CL53846 08/22/2025 c3 08/22/2025 BK - FIL
    Dewey Decimal Classification     College Library College Library Filipiniana 08/14/2023 School Fund 500.00   Fil. 658.421 A181e 2019 CL53847 08/22/2025 c4 08/22/2025 BK - FIL
    Dewey Decimal Classification     College Library College Library Filipiniana 08/14/2023 School Fund 500.00   Fil. 658.421 A181e 2019 CL53848 08/22/2025 c5 08/22/2025 BK - FIL